<?xml version="1.0" encoding="UTF-8"?><?xml-stylesheet type="text/xsl" href="static/style.xsl"?><OAI-PMH xmlns="http://www.openarchives.org/OAI/2.0/" xmlns:xsi="http://www.w3.org/2001/XMLSchema-instance" xsi:schemaLocation="http://www.openarchives.org/OAI/2.0/ http://www.openarchives.org/OAI/2.0/OAI-PMH.xsd"><responseDate>2026-06-03T19:23:27Z</responseDate><request verb="GetRecord" identifier="oai:riuma.uma.es:10630/33311" metadataPrefix="marc">https://riuma.uma.es/rest/oai/request</request><GetRecord><record><header><identifier>oai:riuma.uma.es:10630/33311</identifier><datestamp>2026-02-03T11:44:49Z</datestamp><setSpec>com_10630_2254</setSpec><setSpec>col_10630_37956</setSpec></header><metadata><record xmlns="http://www.loc.gov/MARC21/slim" xmlns:dcterms="http://purl.org/dc/terms/" xmlns:doc="http://www.lyncode.com/xoai" xmlns:xsi="http://www.w3.org/2001/XMLSchema-instance" xsi:schemaLocation="http://www.loc.gov/MARC21/slim http://www.loc.gov/standards/marcxml/schema/MARC21slim.xsd">
   <leader>00925njm 22002777a 4500</leader>
   <datafield ind2=" " ind1=" " tag="042">
      <subfield code="a">dc</subfield>
   </datafield>
   <datafield ind2=" " ind1=" " tag="720">
      <subfield code="a">Coronas-Valle, Daniel</subfield>
      <subfield code="e">author</subfield>
   </datafield>
   <datafield ind2=" " ind1=" " tag="720">
      <subfield code="a">López-Jiménez, José María</subfield>
      <subfield code="e">author</subfield>
   </datafield>
   <datafield ind2=" " ind1=" " tag="260">
      <subfield code="c">2024-06</subfield>
   </datafield>
   <datafield ind2=" " ind1=" " tag="520">
      <subfield code="a">Esta obra está concebida para el alumnado que debe enfrentarse al reto de escribir y superar un TFG y, singularmente, para los alumnos de Derecho. Partiendo de la experiencia de los autores como profesores en la dirección y tutorización de numerosos trabajos, se presenta este texto de marcado perfil práctico. El libro pretende aconsejar y guiar tanto a los alumnos como a los profesores que deben navegar en las procelosas aguas de los trámites administrativos y de las diversas fases académicas con el objetivo de alcanzar un buen puerto.&#xd;
No se descuida el relevante elemento de la motivación personal o la puesta en escena, ni el emergente de la digitalización (IA) que puede servir, bajo estrictos patrones éticos, en la elaboración y configuración de un TFG.&#xd;
En resumen, la superación de esta asignatura mediante una adecuada elección del tema y una correcta orientación puede suponer un excelente campo de pruebas para obtener no solo un conocimiento teórico en una materia sino una brújula metodológica que  se podrá explotar en la etapa de desarrollo profesional.</subfield>
   </datafield>
   <datafield ind1="8" ind2=" " tag="024">
      <subfield code="a">978-84-128072-9-5</subfield>
   </datafield>
   <datafield ind1="8" ind2=" " tag="024">
      <subfield code="a">https://hdl.handle.net/10630/33311</subfield>
   </datafield>
   <datafield tag="653" ind2=" " ind1=" ">
      <subfield code="a">Investigación científica</subfield>
   </datafield>
   <datafield tag="653" ind2=" " ind1=" ">
      <subfield code="a">Estudiantes universitarios</subfield>
   </datafield>
   <datafield ind2="0" ind1="0" tag="245">
      <subfield code="a">Cómo escribir un Trabajo Final de Grado (TFG) y no morir en el intento</subfield>
   </datafield>
</record>
</metadata></record></GetRecord></OAI-PMH>